000
00321nam a2200145Ia 4500
008
240112s1986 xx 000 0 und d
022
_a
00995355
041
_a
eng
082
_a
616.05
100
_a
OLD J.M.
245
_a
THE LANCET
260
_b
LITTLE BROWN & CO.
_c
1986
300
_a
1474,HB
_c
8510
440
_v
2
999
_c
1141650
_d
1141650